[Event "Kiel Doppelbauer IM 2nd"]
[Site "Kiel"]
[Date "2022.07.03"]
[Round "7"]
[White "Ermitsch, Magnus"]
[Black "Beeck, Mats"]
[Result "1-0"]
[WhiteElo "2234"]
[BlackElo "2204"]
[PlyCount "103"]
[EventDate "2022.06.29"]
[EventType "tourn"]
[EventRounds "9"]
[EventCountry "GER"]
[EventCategory "4"]
[SourceTitle "CBM 209 Extra"]
[Source "ChessBase"]
[SourceDate "2022.09.30"]
[SourceVersion "1"]
[SourceVersionDate "2022.09.30"]
[SourceQuality "1"]

1. e4 e5 2. Nf3 Nc6 3. Bb5 a6 4. Ba4 Nf6 5. 0-0 Be7 6. d3 b5 7. Bb3 d6 8. c3 0-0 9. a4 Bd7 10. Bc2 Re8 11. Re1 h6 12. Nbd2 Bf8 13. h3 Rb8 14. Nf1 b4 15. d4 bxc3 16. bxc3 exd4 17. cxd4 Nb4 18. Ng3 Nxc2 19. Qxc2 d5 20. e5 Ne4 21. Nxe4 dxe4 22. Qxe4 Be6 23. Be3 Bd5 24. Qg4 Re6 25. Qf4 Rb4 26. Rec1 Qd7 27. Qf5 a5 28. Ne1 Rxa4 29. Nd3 Rxa1 30. Rxa1 Qb5 31. Nf4 Re8 32. Nh5 Re6 33. Nf4 Re8 34. Qg4 Ra8 35. Nh5 Ra6 36. Nf6+ Kh8 37. Bxh6 Rxf6 38. Bxg7+ Bxg7 39. Qc8+ Kh7 40. exf6 Bb7 41. Qg4 Bxf6 42. Rc1 Be7 43. f4 Bd6 44. f5 Qd3 45. Qh4+ Kg8 46. Re1 Qxf5 47. Re8+ Bf8 48. Qe7 Qd5 49. Qxf8+ Kh7 50. Qg8+ Kh6 51. Qg4 Kh7 52. Re5 1-0

[Event "Oberliga Nord N 2122"]
[Site "Germany"]
[Date "2022.03.20"]
[Round "7.4"]
[White "Beeck, Mats"]
[Black "Wolf, Christoph1111"]
[Result "1/2-1/2"]
[WhiteElo "2166"]
[BlackElo "2215"]
[PlyCount "50"]
[EventDate "2021.10.31"]
[EventType "team-tourn"]
[EventRounds "9"]
[EventCountry "GER"]
[SourceTitle "EXT 2023"]
[Source "ChessBase"]
[SourceDate "2022.10.05"]
[SourceVersion "1"]
[SourceVersionDate "2022.10.05"]
[SourceQuality "1"]
[WhiteTeam "Kiel Turm II"]
[BlackTeam "Schwerin"]
[WhiteTeamCountry "GER"]
[BlackTeamCountry "GER"]

1. d4 d5 2. c4 e6 3. Nf3 c5 4. cxd5 exd5 5. Nc3 Nc6 6. dxc5 d4 7. Na4 Bxc5 8. Nxc5 Qa5+ 9. Qd2 Qxc5 10. e3 dxe3 11. Qxe3+ Qxe3+ 12. Bxe3 Nge7 13. Bb5 a6 14. Ba4 0-0 15. 0-0 Be6 16. a3 Rfc8 17. Rfc1 b5 18. Bd1 Na5 19. Rxc8+ Rxc8 20. b4 Nc4 21. Bc5 Nc6 22. a4 Nb2 23. axb5 axb5 24. Ng5 Nxd1 25. Rxd1 Bf5 1/2-1/2

[Event "Oberliga Nord N 1920"]
[Site "Germany"]
[Date "2020.02.09"]
[Round "6.2"]
[White "Kopylov, Michael"]
[Black "Beeck, Mats"]
[Result "1/2-1/2"]
[WhiteElo "2411"]
[BlackElo "2103"]
[PlyCount "57"]
[EventDate "2019.09.29"]
[EventType "team-tourn"]
[EventRounds "9"]
[EventCountry "GER"]
[SourceTitle "CBM 195 Extra"]
[Source "ChessBase"]
[SourceDate "2020.05.31"]
[SourceVersion "1"]
[SourceVersionDate "2020.05.31"]
[SourceQuality "1"]

1. d4 Nf6 2. c4 g6 3. Nc3 Bg7 4. Nf3 0-0 5. e4 d6 6. Be2 e5 7. 0-0 Nc6 8. d5 Ne7 9. Ne1 Ne8 10. Nd3 f5 11. f4 exf4 12. Nxf4 c6 13. dxc6 Qb6+ 14. Kh1 bxc6 15. Bf3 Qc5 16. Qe2 g5 17. exf5 gxf4 18. Qxe7 Qxc4 19. Bxf4 Bxf5 20. Qb7 Rc8 21. Be2 Qf7 22. Qa6 Qd7 23. Rad1 d5 24. Be3 Rc7 25. Bc5 Rf6 26. Qa4 Qc8 27. Bf2 Rcf7 28. Rfe1 Nc7 29. Rc1 1/2-1/2

[Event "Oberliga Nord N 1920"]
[Site "Germany"]
[Date "2019.12.08"]
[Round "4.2"]
[White "Ritscher, Jan Paul"]
[Black "Beeck, Mats"]
[Result "1-0"]
[WhiteElo "2234"]
[BlackElo "2103"]
[PlyCount "53"]
[EventDate "2019.09.29"]
[EventType "team-tourn"]
[EventRounds "9"]
[EventCountry "GER"]
[SourceTitle "CBM 195 Extra"]
[Source "ChessBase"]
[SourceDate "2020.05.31"]
[SourceVersion "1"]
[SourceVersionDate "2020.05.31"]
[SourceQuality "1"]

1. d4 Nf6 2. c4 g6 3. g3 Bg7 4. Bg2 0-0 5. Nc3 d6 6. Nf3 c5 7. 0-0 Nc6 8. d5 Na5 9. Qd3 a6 10. Rb1 b5 11. cxb5 axb5 12. b4 cxb4 13. Rxb4 Nb7 14. Nd4 Nc5 15. Qb1 Ba6 16. Ncxb5 Bxb5 17. Rxb5 Re8 18. Nc6 Qc8 19. Be3 Nfd7 20. Rc1 Qa6 21. Rc2 h6 22. Ra5 Qxa5 23. Nxa5 Rxa5 24. Bh3 f5 25. g4 fxg4 26. Bxg4 Ne5 27. Bh3 1-0

[Event "GER-chT U20"]
[Site "Osnabrueck"]
[Date "2018.12.29"]
[Round "5.2"]
[White "Beeck, Mats"]
[Black "Fieberg, Samuel"]
[Result "0-1"]
[WhiteElo "2126"]
[BlackElo "2170"]
[PlyCount "82"]
[EventDate "2018.12.27"]
[EventType "team-swiss"]
[EventRounds "7"]
[EventCountry "GER"]
[SourceTitle "CBM 188 Extra"]
[Source "ChessBase"]
[SourceDate "2019.02.26"]
[SourceVersion "1"]
[SourceVersionDate "2019.02.26"]
[SourceQuality "1"]
[WhiteTeam "Kiel Doppelbauer"]
[BlackTeam "Porz SG"]
[WhiteTeamCountry "GER"]
[BlackTeamCountry "GER"]

1. e4 c5 2. Nf3 Nc6 3. d4 cxd4 4. Nxd4 e5 5. Nb5 a6 6. Nd6+ Bxd6 7. Qxd6 Qe7 8. Qd1 Nf6 9. Nc3 d6 10. Bg5 Be6 11. Nd5 Bxd5 12. exd5 Nb8 13. Be2 Nbd7 14. a4 h6 15. Be3 a5 16. 0-0 0-0 17. Qd2 Ne4 18. Qd3 f5 19. f3 Nec5 20. Qd1 f4 21. Bxc5 Nxc5 22. c3 e4 23. fxe4 Qxe4 24. Kh1 Kh8 25. Bf3 Qc4 26. Be2 Qe4 27. Bf3 Qf5 28. b4 Nd3 29. Qc2 Ne5 30. Qxf5 Rxf5 31. Be4 Rf7 32. Rab1 g5 33. g3 f3 34. h3 h5 35. bxa5 Rxa5 36. Rb4 Rc5 37. c4 g4 38. Rf2 Nxc4 39. Bg6 Re7 40. Bxh5 Re1+ 41. Kh2 Ne5 0-1

[Event "GER-chT U20"]
[Site "Duesseldorf"]
[Date "2017.12.29"]
[Round "6.2"]
[White "Kramer, Julian"]
[Black "Beeck, Mats"]
[Result "1-0"]
[WhiteElo "2373"]
[BlackElo "2106"]
[PlyCount "23"]
[EventDate "2017.12.27"]
[EventType "team-swiss"]
[EventRounds "7"]
[EventCountry "GER"]
[SourceTitle "CBM 182 Extra"]
[Source "ChessBase"]
[SourceDate "2018.02.23"]
[SourceVersion "1"]
[SourceVersionDate "2018.02.23"]
[SourceQuality "1"]
[WhiteTeam "Hamburger SK U20"]
[BlackTeam "Kiel Doppelbauer U20"]
[WhiteTeamCountry "GER"]
[BlackTeamCountry "GER"]

1. e4 c5 2. Nf3 g6 3. d4 cxd4 4. Nxd4 Nc6 5. Nc3 Bg7 6. Be3 Nf6 7. f3 0-0 8. Qd2 d5 9. 0-0-0 dxe4 10. Nxc6 Qxd2+ 11. Bxd2 bxc6 12. fxe4 1-0

[Event "Kiel op 30th"]
[Site "Kiel"]
[Date "2017.07.30"]
[Round "3"]
[White "Isler, Benjamin"]
[Black "Beeck, Mats"]
[Result "0-1"]
[WhiteElo "1897"]
[BlackElo "2104"]
[PlyCount "54"]
[EventDate "2017.07.29"]
[EventType "swiss"]
[EventRounds "9"]
[EventCountry "GER"]
[SourceTitle "EXT 2018"]
[Source "ChessBase"]
[SourceDate "2017.10.13"]
[SourceVersion "1"]
[SourceVersionDate "2017.10.13"]
[SourceQuality "1"]

1. e4 c5 2. d4 cxd4 3. c3 dxc3 4. Nxc3 Nc6 5. Nf3 g6 6. Bc4 Bg7 7. 0-0 d6 8. Bf4 Nf6 9. Qe2 0-0 10. Rfd1 Bg4 11. h3 Bxf3 12. Qxf3 Nd7 13. Qe3 Rc8 14. g4 Nb6 15. Bd3 Ne5 16. h4 Nxg4 17. Qh3 Ne5 18. Be2 h5 19. Kh1 Nbc4 20. Rg1 Nxb2 21. Bxh5 Nbd3 22. Be3 Rxc3 23. Rg3 gxh5 24. Rxg7+ Kxg7 25. Rg1+ Ng6 26. Qf5 Qc8 27. Bd4+ e5 0-1

[Event "GER-chT Lands U20"]
[Site "Hannover"]
[Date "2016.10.04"]
[Round "6.2"]
[White "Keller, Peter1111"]
[Black "Beeck, Mats"]
[Result "1/2-1/2"]
[WhiteElo "2226"]
[BlackElo "2160"]
[PlyCount "28"]
[EventDate "2016.10.01"]
[EventType "team-swiss"]
[EventRounds "7"]
[EventCountry "GER"]
[SourceTitle "CBM 174 Extra"]
[Source "ChessBase"]
[SourceDate "2016.10.10"]
[SourceVersion "1"]
[SourceVersionDate "2016.10.10"]
[SourceQuality "1"]
[WhiteTeam "Hessen"]
[BlackTeam "Schleswig Holstein"]
[WhiteTeamCountry "GER"]
[BlackTeamCountry "GER"]

1. e4 c5 2. Nf3 d6 3. Bb5+ Nd7 4. 0-0 Ngf6 5. Re1 a6 6. Bf1 e6 7. c3 Be7 8. d4 0-0 9. e5 Nd5 10. c4 Nc7 11. Bf4 d5 12. Nc3 dxc4 13. Bxc4 b5 14. Bd3 Bb7 1/2-1/2

[Event "GER-chT Lands U20"]
[Site "Hannover"]
[Date "2016.10.02"]
[Round "3.2"]
[White "Beeck, Mats"]
[Black "Polster, Christian"]
[Result "1/2-1/2"]
[WhiteElo "2160"]
[BlackElo "2173"]
[PlyCount "65"]
[EventDate "2016.10.01"]
[EventType "team-swiss"]
[EventRounds "7"]
[EventCountry "GER"]
[SourceTitle "CBM 174 Extra"]
[Source "ChessBase"]
[SourceDate "2016.10.10"]
[SourceVersion "1"]
[SourceVersionDate "2016.10.10"]
[SourceQuality "1"]
[WhiteTeam "Schleswig Holstein"]
[BlackTeam "Niedersachsen"]
[WhiteTeamCountry "GER"]
[BlackTeamCountry "GER"]

1. Nf3 Nf6 2. c4 c5 3. Nc3 Nc6 4. g3 g6 5. Bg2 Bg7 6. 0-0 0-0 7. d4 cxd4 8. Nxd4 Nxd4 9. Qxd4 d6 10. Bg5 a6 11. Qd2 Rb8 12. Rac1 Be6 13. Nd5 Bxd5 14. cxd5 Qd7 15. Rc2 Rfc8 16. Rfc1 Qf5 17. Rxc8+ Rxc8 18. Rxc8+ Qxc8 19. Qc1 Qxc1+ 20. Bxc1 Kf8 21. b3 Ke8 22. Bb2 Kd8 23. Kf1 Ne8 24. Bc1 Kc7 25. Bd2 Nf6 26. e4 Nd7 27. Ke2 Bd4 28. Bg5 Bf6 29. Be3 b5 30. Bh3 Nc5 31. f3 Bc3 32. Bf1 Ba5 33. Bxc5 1/2-1/2

[Event "GER-chT Lands U20"]
[Site "Hannover"]
[Date "2016.10.01"]
[Round "1.2"]
[White "Beeck, Mats"]
[Black "Nguyen, Huy Dat"]
[Result "0-1"]
[WhiteElo "2160"]
[BlackElo "2089"]
[PlyCount "64"]
[EventDate "2016.10.01"]
[EventType "team-swiss"]
[EventRounds "7"]
[EventCountry "GER"]
[SourceTitle "CBM 174 Extra"]
[Source "ChessBase"]
[SourceDate "2016.10.10"]
[SourceVersion "1"]
[SourceVersionDate "2016.10.10"]
[SourceQuality "1"]
[WhiteTeam "Schleswig Holstein"]
[BlackTeam "Thueringen"]
[WhiteTeamCountry "GER"]
[BlackTeamCountry "GER"]

1. g3 Nf6 2. Bg2 d5 3. Nf3 c6 4. 0-0 Bg4 5. d3 Nbd7 6. c4 e6 7. Qb3 Nc5 8. Qc2 Be7 9. Bf4 0-0 10. Nbd2 h6 11. Rfe1 Re8 12. Rab1 Bf8 13. cxd5 exd5 14. b4 Ne6 15. Be5 Ng5 16. Nxg5 Rxe5 17. Ngf3 Re8 18. d4 Qc8 19. Qb2 Qf5 20. Ne5 Qh5 21. Nxg4 Nxg4 22. Nf3 Nf6 23. b5 c5 24. dxc5 Bxc5 25. e3 Rad8 26. Rbd1 Ne4 27. Rd3 Bb6 28. Red1 Nc5 29. R3d2 Ne4 30. Rd3 Nc5 31. R3d2 Ne4 32. Rc2 Ng5 0-1

[Event "EU-ch U18 26th"]
[Site "Prague"]
[Date "2016.08.25"]
[Round "7"]
[White "Stefanov, Emil"]
[Black "Beeck, Mats"]
[Result "1-0"]
[WhiteElo "2505"]
[BlackElo "2196"]
[PlyCount "74"]
[EventDate "2016.08.18"]
[EventType "swiss"]
[EventRounds "9"]
[EventCountry "CZE"]
[SourceTitle "CBM 174 Extra"]
[Source "ChessBase"]
[SourceDate "2016.10.10"]
[SourceVersion "1"]
[SourceVersionDate "2016.10.10"]
[SourceQuality "1"]

1. d4 Nf6 2. c4 g6 3. f3 Bg7 4. e4 d6 5. Nc3 0-0 6. Be3 c5 7. d5 e6 8. Qd2 exd5 9. cxd5 a6 10. a4 Nbd7 11. Nh3 Ne5 12. Nf2 Qa5 13. Be2 b5 14. 0-0 b4 15. Ncd1 Bd7 16. h3 Bb5 17. Bf4 Bxe2 18. Qxe2 Rfe8 19. Ne3 Nh5 20. Bh2 Qd8 21. f4 Nd7 22. Rae1 Bd4 23. b3 Nb6 24. Qf3 a5 25. Kh1 Rc8 26. g4 Nf6 27. g5 Nfd7 28. Nfg4 Bg7 29. e5 dxe5 30. fxe5 Nxe5 31. Bxe5 Rxe5 32. Nxe5 Bxe5 33. Qxf7+ Kh8 34. Qe6 Qxg5 35. Ng4 Bg7 36. Qxc8+ Nxc8 37. Re8+ Bf8 1-0

[Event "EU-ch U18 26th"]
[Site "Prague"]
[Date "2016.08.19"]
[Round "2"]
[White "Beeck, Mats"]
[Black "Filipets, Egor"]
[Result "0-1"]
[WhiteElo "2196"]
[BlackElo "2301"]
[PlyCount "60"]
[EventDate "2016.08.18"]
[EventType "swiss"]
[EventRounds "9"]
[EventCountry "CZE"]
[SourceTitle "CBM 174 Extra"]
[Source "ChessBase"]
[SourceDate "2016.10.10"]
[SourceVersion "1"]
[SourceVersionDate "2016.10.10"]
[SourceQuality "1"]

1. e4 d6 2. d4 Nf6 3. Nc3 g6 4. Bg5 Bg7 5. Qd2 h6 6. Bf4 c6 7. 0-0-0 b5 8. f3 b4 9. Nce2 Qa5 10. Kb1 Be6 11. Nc1 Nbd7 12. g4 Nb6 13. Nb3 Bxb3 14. cxb3 h5 15. e5 dxe5 16. Bxe5 hxg4 17. fxg4 0-0 18. Bg2 Nxg4 19. Bxg7 Kxg7 20. Nf3 Qf5+ 21. Ka1 Nd5 22. Rhe1 Qf4 23. Qxf4 Nxf4 24. Bf1 Nd5 25. Rc1 Nge3 26. Ba6 Rab8 27. Rxc6 Rb6 28. Rec1 Rxc6 29. Rxc6 Rb8 30. h4 g5 0-1

[Event "EU-ch U18 26th"]
[Site "Prague"]
[Date "2016.08.18"]
[Round "1"]
[White "Jarmula, Lukasz"]
[Black "Beeck, Mats"]
[Result "1/2-1/2"]
[WhiteElo "2452"]
[BlackElo "2196"]
[PlyCount "55"]
[EventDate "2016.08.18"]
[EventType "swiss"]
[EventRounds "9"]
[EventCountry "CZE"]
[SourceTitle "CBM 174 Extra"]
[Source "ChessBase"]
[SourceDate "2016.10.10"]
[SourceVersion "1"]
[SourceVersionDate "2016.10.10"]
[SourceQuality "1"]

1. e4 c5 2. Nf3 g6 3. d4 cxd4 4. Qxd4 Nf6 5. Nc3 Nc6 6. Qa4 d6 7. e5 dxe5 8. Nxe5 Bg7 9. Bb5 0-0 10. Nxc6 bxc6 11. Bxc6 Bd7 12. Bxd7 Nxd7 13. 0-0 Nb6 14. Qe4 Bxc3 15. bxc3 Qc7 16. Bg5 Rfe8 17. Rae1 Qxc3 18. Bxe7 Rac8 19. Re2 Rc4 20. Qd3 Qxd3 21. cxd3 Rd4 22. Rfe1 Rxd3 23. h4 f5 24. Bc5 Rxe2 25. Rxe2 Rd7 26. f3 Kf7 27. Rb2 Na4 28. Rb5 1/2-1/2